000
00300nam a2200109Ia 4500
008
230822s2007 xx 000 0 und d
041
_a
eng
100
_a
GUHAS S K.
245
_a
CENTRAL WATER AND POWER RESEARCH
260
_b
CENTRAL COUNCIL FOR RESEARCH IN AYURVEDA AND SIDDHA
_c
2007
300
_a
811
999
_c
861669
_d
861669